Principles of macroeconomics / (رقم التسجيلة. 26422)

تفاصيل مارك
000 -الفاتح
حقل البيانات ثابتة الطول 00960pam a2200277 a 4500
001 - رقم الضبط
رقم الضبط 1198373
003 - محدد رقم الضبط
رقم الضبط OSt
005 - وقت وتاريخ اخر تعامل مع التسجيلة
رقم الضبط 20150408114103.0
008 - عناصر البيانات ثابتة الطول - معلومات عامة
حقل البيانات ثابتة الطول 980501s2011 njuab b 001 0 eng
010 ## - رقم ضبط مكتبة الكونجرس
رقم ضبط مكتبة الكونجرس 98023825
020 ## - الرقم الدولى المعيارى للكتب
الرقم الدولى المعيارى للكتاب 9780071220781
040 ## - مصدر الفهرسة
وكالة الفهرسة الأصلية DLC
وكالة النسخ DLC
وكالة التعديل DLC
050 00 - رقم طلب مكتبة الكونجرس
رقم التصنيف HB172.5
رقم المادة .C375 1999
082 00 - رقم تصنيف ديوى العشرى
رقم التصنيف 339
رقم الطبعة 21
رقم المادة FRP
100 1# - المدخل الرئيسى - إسم شخصى
الإسم الشخصى Frank, Robert H.
9 (RLIN) 18287
245 10 - بيان العنوان
العنوان Principles of macroeconomics /
بيان المسئوليه,etc Robert H. Frank
250 ## - بيان الطبعة
بيان الطبعة 5th ed.
260 ## - PUBLICATION, DISTRIBUTION, ETC. (IMPRINT)
مكان الناشر او الموزع Upper Saddle River, N.J. :
اسم الناشر او الموزع Prentice Hall,
تاريخ النشر أو التوزيع 2011
300 ## - الوصف المادى
التعداد xxxi, 528, G-20, S-14, I-12 p. :
تفاصيل ماديه اخرى للوعاء ill. (some col.), maps ;
أبعاد الوعاء 26 cm.
504 ## - تبصرة ببليوجرافية
تبصرة ببليوجرافية,الخ Includes bibliographical references and index.
650 #0 - المدخل الاضافى بالموضوع-مصطلح موضوعى
مصطلح موضوعي أو اسم جغرافي كعنصر مدخل Macroeconomics.
9 (RLIN) 4463
700 1# - المدخل الاضافى - اسم شخصى
الإسم الشخصى Fair, Ray C.
9 (RLIN) 18288
906 ## - عنصر بيانات محلى F, LDF (RLIN)
a 7
b cbc
c orignew
d 1
e ocip
f 19
g y-gencatlg
942 ## - عناصر المدخل الإضافي( كوها)
مصدر التصنيف او مخطط الترفيف Dewey Decimal Classification
Koha [default] item type DVD
المقتنيات
حالة الفقد نموذج السعر الفعال حالة تلف ليس للاعارة رقم الطلب تاريخ الاكتساب الموقع الحالي الباركود الفرع الرئيسي Date last seen نوع المادة فى نظام كوها مصدر التصنيف او خطة الترفيف Total Checkouts
  2013-03-10     339 FRP 2012-12-23 المكتبة المركزية بالمجمعة (CL) 00401160 المكتبة المركزية بالمجمعة (CL) 2013-03-10 كتاب Dewey Decimal Classification  
  2013-03-10     339 FRP 2012-12-23 المكتبة المركزية بالمجمعة (CL) 00401159 المكتبة المركزية بالمجمعة (CL) 2013-03-10 كتاب Dewey Decimal Classification  
  2013-03-10     339 FRP 2012-12-23 المكتبة المركزية بالمجمعة (CL) 00401158 المكتبة المركزية بالمجمعة (CL) 2013-03-10 كتاب Dewey Decimal Classification